Fast Typing 100! - Statistics

General Stats
  • This quiz has been taken 134 times
  • The average score is 73 of 100
Answer Stats
Answer % Correct
100
100%
100
91%
100
90%
100
90%
100
90%
100
90%
100
88%
100
88%
100
88%
100
87%
100
87%
100
87%
100
87%
100
87%
100
87%
100
87%
100
87%
100
87%
100
87%
100
87%
100
87%
100
87%
100
87%
100
87%
100
87%
100
87%
100
87%
100
87%
100
87%
100
87%
100
87%
100
87%
100
86%
100
84%
100
84%
100
84%
100
84%
100
84%
100
83%
100
83%
100
83%
100
81%
100
81%
100
81%
100
81%
100
81%
100
81%
100
81%
100
81%
100
81%
100
81%
100
80%
100
78%
100
78%
100
78%
100
78%
100
77%
100
77%
100
77%
100
77%
100
77%
100
77%
100
75%
100
75%
100
74%
100
72%
100
70%
100
68%
100
67%
100
67%
100
67%
100
67%
100
64%
100
64%
100
64%
100
62%
100
62%
100
61%
100
57%
100
57%
100
54%
100
51%
100
51%
100
51%
100
51%
100
49%
100
49%
100
49%
100
48%
100
46%
100
43%
100
43%
100
43%
100
42%
100
42%
100
39%
100
39%
100
39%
100
38%
100
38%
No matching quizzes found
Score Distribution
Percent of People with Each Score
Percentile by Number Answered
Your Score History
You have not taken this quiz